[Event "Steinfurt Bezirksklasse 1516"]
[Site "Germany"]
[Date "2015.11.14"]
[Round "3.2"]
[White "Schmidtke, Heinrich"]
[Black "Koesters, Michael"]
[Result "0-1"]
[WhiteElo "1364"]
[BlackElo "1467"]
[PlyCount "63"]
[EventDate "2015.09.05"]
[EventType "team-tourn"]
[EventRounds "9"]
[EventCountry "GER"]
[SourceTitle "EXT 2017"]
[Source "ChessBase"]
[SourceDate "2016.10.25"]
[SourceVersion "1"]
[SourceVersionDate "2016.10.25"]
[SourceQuality "1"]
[WhiteTeam "Nordwalde II"]
[BlackTeam "Rheine Klein Berlin III"]
[WhiteTeamCountry "GER"]
[BlackTeamCountry "GER"]

1. c4 g6 2. Nf3 Bg7 3. d4 d6 4. Nc3 Bg4 5. e3 Nd7 6. Be2 e6 7. h3 Bxf3 8. Bxf3 c6 9. 0-0 Ne7 10. Qc2 d5 11. b3 0-0 12. Bb2 f5 13. Ne2 Nf6 14. g3 g5 15. Bg2 Ng6 16. Rac1 h5 17. f4 Ne4 18. Kh2 g4 19. hxg4 hxg4 20. Rh1 Nf2 21. Rhf1 Ne4 22. Rh1 Nh4 23. Bxe4 fxe4 24. Kg1 Nf3+ 25. Kf2 Kf7 26. cxd5 exd5 27. Ba3 Rh8 28. Nc3 Qd7 29. Na4 Nxd4 30. exd4 Bxd4+ 31. Ke2 Rh3 32. Kf1 0-1

[Event "Steinfurt Bezirksklasse 1415"]
[Site "Germany"]
[Date "2014.10.25"]
[Round "2.3"]
[White "Schmidtke, Heinrich"]
[Black "Thiele, Simon"]
[Result "1-0"]
[WhiteElo "1389"]
[BlackElo "1120"]
[PlyCount "109"]
[EventDate "2014.09.20"]
[EventType "team-tourn"]
[EventRounds "9"]
[EventCountry "GER"]
[SourceTitle "EXT 2016"]
[Source "ChessBase"]
[SourceDate "2015.10.08"]
[SourceVersion "1"]
[SourceVersionDate "2015.10.08"]
[SourceQuality "1"]
[WhiteTeam "Nordwalde II"]
[BlackTeam "Emsdetten Turm IV"]
[WhiteTeamCountry "GER"]
[BlackTeamCountry "GER"]

1. Nf3 Nc6 2. d4 d5 3. Bf4 Bf5 4. Nbd2 g6 5. a3 Bg7 6. e3 Bg4 7. h3 Bf5 8. c4 dxc4 9. Bxc4 f6 10. 0-0 e5 11. dxe5 fxe5 12. Bg5 Bf6 13. Bxf6 Nxf6 14. Ng5 Nd5 15. Ndf3 h6 16. Nf7 Kxf7 17. Bxd5+ Kf6 18. Bxc6 bxc6 19. Qa4 Qd5 20. Rfd1 Qe6 21. Rac1 Rhd8 22. g4 Bd3 23. Rxc6 Rd6 24. Rdc1 Qd5 25. Rxd6+ cxd6 26. Ne1 Bb5 27. Qd1 Bc6 28. Qxd5 Bxd5 29. f3 Rb8 30. Rc2 e4 31. Rd2 Ke5 32. f4+ Ke6 33. b4 Rf8 34. Nc2 Bb7 35. Nd4+ Ke7 36. Rc2 Rc8 37. Rxc8 Bxc8 38. Nc6+ Kf6 39. Nxa7 Bd7 40. b5 Be6 41. a4 Bd5 42. b6 Ke6 43. a5 Kd7 44. Kf2 Kd8 45. Ke2 Kd7 46. Kd2 Bb7 47. Kc3 d5 48. Kd4 Kd6 49. h4 h5 50. gxh5 gxh5 51. f5 Ke7 52. Ke5 Kf7 53. Nb5 Ke7 54. Nc7 Kf7 55. Nxd5 1-0

[Event "Steinfurt Bezirksklasse 1314"]
[Site "Germany"]
[Date "2014.05.03"]
[Round "8.3"]
[White "Schmidtke, Heinrich"]
[Black "Barkia, Sofyen"]
[Result "0-1"]
[WhiteElo "1410"]
[BlackElo "1407"]
[PlyCount "66"]
[EventDate "2013.10.05"]
[EventType "team-tourn"]
[EventRounds "9"]
[EventCountry "GER"]
[SourceTitle "EXT 2015"]
[Source "ChessBase"]
[SourceDate "2014.11.20"]
[SourceVersion "1"]
[SourceVersionDate "2014.11.20"]
[SourceQuality "1"]
[WhiteTeam "Nordwalde II"]
[BlackTeam "Ibbenbueren III"]
[WhiteTeamCountry "GER"]
[BlackTeamCountry "GER"]

1. Nf3 d5 2. d4 Nf6 3. Bg5 c6 4. Nbd2 Bf5 5. e3 Nbd7 6. c4 c5 7. Qa4 dxc4 8. Bxc4 e6 9. 0-0 a6 10. Qd1 b5 11. Be2 h6 12. Bh4 Be7 13. dxc5 Nxc5 14. Nd4 Bd3 15. N2f3 Be4 16. Ne5 Rc8 17. Qe1 Qd6 18. Rd1 Qxe5 19. Bg3 Qd5 20. f3 Bg6 21. Nb3 Qb7 22. Na5 Qb6 23. Bf2 0-0 24. e4 Qb8 25. Bg3 e5 26. b4 Nb7 27. Nb3 Rc2 28. Rd2 Bxb4 29. Qd1 Rxd2 30. Nxd2 Rd8 31. Be1 Qa7+ 32. Kh1 Qe3 33. Bf2 Qxd2 0-1

[Event "Steinfurt Bezirksklasse 1213"]
[Site "Germany"]
[Date "2013.01.19"]
[Round "4.4"]
[White "Krueler, Andreas"]
[Black "Schmidtke, Heinrich"]
[Result "1/2-1/2"]
[WhiteElo "1491"]
[BlackElo "1419"]
[PlyCount "33"]
[EventDate "2012.09.29"]
[EventType "team-tourn"]
[EventRounds "9"]
[EventCountry "GER"]
[SourceTitle "EXT 2015"]
[Source "ChessBase"]
[SourceDate "2014.11.20"]
[SourceVersion "1"]
[SourceVersionDate "2014.11.20"]
[SourceQuality "1"]
[WhiteTeam "Steinfurt III"]
[BlackTeam "Nordwalde II"]
[WhiteTeamCountry "GER"]
[BlackTeamCountry "GER"]

1. e4 c5 2. Nf3 Nc6 3. c3 e6 4. d4 cxd4 5. Nxd4 Nf6 6. Nxc6 bxc6 7. Bg5 Be7 8. Bd3 Qa5 9. Bxf6 Bxf6 10. 0-0 Qb6 11. b4 0-0 12. Qb3 Ba6 13. Bxa6 Qxa6 14. Nd2 Qd3 15. Rfd1 Qxc3 16. Rac1 Qxb3 17. Nxb3 1/2-1/2

[Event "Steinfurt Bezirksliga 1112"]
[Site "Germany"]
[Date "2012.02.04"]
[Round "5.6"]
[White "Schmidtke, Heinrich"]
[Black "Sowa, Rudolf"]
[Result "0-1"]
[WhiteElo "1500"]
[BlackElo "1658"]
[PlyCount "66"]
[EventDate "2011.10.01"]
[EventType "team-tourn"]
[EventRounds "9"]
[EventCountry "GER"]
[SourceTitle "EXT 2013"]
[Source "ChessBase"]
[SourceDate "2012.11.22"]
[SourceVersion "1"]
[SourceVersionDate "2012.11.22"]
[SourceQuality "1"]
[WhiteTeam "Nordwalde II"]
[BlackTeam "Emsdetten Rochade III"]
[WhiteTeamCountry "GER"]
[BlackTeamCountry "GER"]

1. Nf3 c5 2. e4 Nc6 3. d4 cxd4 4. Nxd4 Nf6 5. Nc3 e5 6. Nb3 a6 7. Be2 Be7 8. 0-0 d6 9. Be3 0-0 10. Qd2 Be6 11. Rad1 b5 12. a3 Rc8 13. Bg5 Bxb3 14. Bxf6 Bxf6 15. cxb3 Nd4 16. b4 Bg5 17. Qd3 Rc4 18. Qb1 Rxc3 19. bxc3 Nxe2+ 20. Kh1 Nxc3 21. Qd3 Nxd1 22. Rxd1 Be7 23. g3 Qa8 24. Qe2 Qc6 25. f4 f5 26. Re1 exf4 27. gxf4 Bh4 28. Rf1 Qxe4+ 29. Qxe4 fxe4 30. Rd1 Be7 31. Rf1 Rf5 32. Kg2 g5 33. Re1 Rxf4 0-1

[Event "Muensterland Verbandsklasse-B 1112"]
[Site "Germany"]
[Date "2011.09.17"]
[Round "1.8"]
[White "Schmidtke, Heinrich"]
[Black "Holtmannspoetter, Michael"]
[Result "1/2-1/2"]
[WhiteElo "1484"]
[BlackElo "1603"]
[PlyCount "36"]
[EventDate "2011.09.17"]
[EventType "team-tourn"]
[EventRounds "9"]
[EventCountry "GER"]
[SourceTitle "EXT 2013"]
[Source "ChessBase"]
[SourceDate "2012.11.22"]
[SourceVersion "1"]
[SourceVersionDate "2012.11.22"]
[SourceQuality "1"]
[WhiteTeam "Nordwalde"]
[BlackTeam "Reckenfeld"]
[WhiteTeamCountry "GER"]
[BlackTeamCountry "GER"]

1. Nf3 d5 2. g3 g6 3. Bg2 Bg7 4. 0-0 Nf6 5. d3 0-0 6. Nbd2 c5 7. Re1 Nc6 8. e4 e6 9. a3 d4 10. Rb1 a5 11. Qe2 e5 12. Nc4 Ne8 13. a4 Nd6 14. Nfd2 Be6 15. Nxd6 Qxd6 16. Nf1 Nb4 17. Ra1 Rac8 18. b3 Qd7 1/2-1/2

[Event "Steinfurt Bezirksklasse 1011"]
[Site "Germany"]
[Date "2011.03.19"]
[Round "8.4"]
[White "Schmidtke, Heinrich"]
[Black "Maske, Kristina"]
[Result "1/2-1/2"]
[WhiteElo "1494"]
[BlackElo "1069"]
[PlyCount "58"]
[EventDate "2010.09.25"]
[EventType "team-tourn"]
[EventRounds "9"]
[EventCountry "GER"]
[SourceTitle "EXT 2012"]
[Source "ChessBase"]
[SourceDate "2011.11.24"]
[SourceVersion "1"]
[SourceVersionDate "2011.11.24"]
[SourceQuality "1"]
[WhiteTeam "Nordwalde II"]
[BlackTeam "Westerkappeln II"]
[WhiteTeamCountry "GER"]
[BlackTeamCountry "GER"]

1. d4 d5 2. c4 c6 3. Nc3 Nf6 4. Nf3 Bf5 5. cxd5 cxd5 6. Nh4 Bd7 7. g3 e6 8. Bg2 Bc6 9. 0-0 Be7 10. Bg5 h6 11. Bxf6 Bxf6 12. Nf3 Qd6 13. a3 0-0 14. b4 a6 15. Rc1 Nd7 16. e3 Nb6 17. Nd2 Rac8 18. Rb1 Bd7 19. Ne2 Rc7 20. e4 dxe4 21. Nxe4 Qe7 22. Nc5 Bc6 23. Bh3 Rd8 24. Qd2 e5 25. Rfe1 Qd6 26. Nc3 Qxd4 27. Qxd4 Rxd4 28. N3e4 Bxe4 29. Rxe4 Rxe4 1/2-1/2

[Event "Steinfurt Bezirksklasse 0910"]
[Site "Germany"]
[Date "2009.09.26"]
[Round "1.6"]
[White "Schulte, Andre"]
[Black "Schmidtke, Heinrich"]
[Result "0-1"]
[WhiteElo "1120"]
[BlackElo "1524"]
[PlyCount "68"]
[EventDate "2009.09.26"]
[EventType "team-tourn"]
[EventRounds "7"]
[EventCountry "GER"]
[SourceTitle "EXT 2011"]
[Source "ChessBase"]
[SourceDate "2010.11.26"]
[SourceVersion "1"]
[SourceVersionDate "2010.11.26"]
[SourceQuality "1"]
[WhiteTeam "Steinfurt IV"]
[BlackTeam "Nordwalde II"]
[WhiteTeamCountry "GER"]
[BlackTeamCountry "GER"]

1. e4 c5 2. Bc4 e6 3. Nc3 Nc6 4. Nf3 a6 5. a3 Be7 6. d4 cxd4 7. Nxd4 Qc7 8. b4 b5 9. Be2 Bf6 10. Be3 Ne5 11. Qd2 Bb7 12. f4 Nc4 13. Bxc4 Qxc4 14. Rg1 Rc8 15. e5 Bh4+ 16. g3 Bd8 17. Nd1 Ne7 18. Rc1 Nd5 19. c3 Qc7 20. Qd3 Nb6 21. Nb2 Bd5 22. h4 0-0 23. h5 f6 24. exf6 Bxf6 25. g4 Bh4+ 26. Ke2 Nc4 27. Qc2 Nxe3 28. Kxe3 Qxf4+ 29. Ke2 Be4 30. Nd3 Bf3+ 31. Nxf3 Qxf3+ 32. Kd2 Bg5+ 33. Ke1 Bxc1 34. Nxc1 Rxc3 0-1

[Event "Steinfurt Bezirksliga 0809"]
[Site "Germany"]
[Date "2008.10.25"]
[Round "2.4"]
[White "Just, Alexandra"]
[Black "Schmidtke, Heinrich"]
[Result "1/2-1/2"]
[WhiteElo "1546"]
[BlackElo "1518"]
[PlyCount "54"]
[EventDate "2008.09.27"]
[EventType "team-tourn"]
[EventRounds "9"]
[EventCountry "GER"]
[SourceTitle "EXT 2010"]
[Source "ChessBase"]
[SourceDate "2010.11.25"]
[SourceVersion "1"]
[SourceVersionDate "2010.11.25"]
[SourceQuality "1"]
[WhiteTeam "Steinfurt III"]
[BlackTeam "Nordwalde II"]
[WhiteTeamCountry "GER"]
[BlackTeamCountry "GER"]

1. e4 c5 2. c4 Nc6 3. Nc3 d6 4. Nf3 Bg4 5. Be2 Nf6 6. d3 e6 7. 0-0 Be7 8. Rb1 0-0 9. Qe1 Ne8 10. a3 Bf6 11. b4 Bxf3 12. Bxf3 Nd4 13. Bd1 b6 14. Nb5 Nxb5 15. cxb5 Bd4 16. Bf3 Rc8 17. Be3 Qf6 18. Qe2 Nc7 19. bxc5 dxc5 20. Rfc1 Rfd8 21. Rc4 e5 22. Bd2 Ne6 23. Bg4 Rc7 24. g3 g6 25. h4 h5 26. Bxe6 Qxe6 27. Kh2 Rdd7 1/2-1/2

[Event "Steinfurt Bezirksliga 0708"]
[Site "Germany"]
[Date "2007.09.22"]
[Round "1.5"]
[White "Schmidtke, Heinrich"]
[Black "Boeckmann, Dirk"]
[Result "1/2-1/2"]
[WhiteElo "1538"]
[BlackElo "1551"]
[PlyCount "48"]
[EventDate "2007.09.22"]
[EventType "team-tourn"]
[EventRounds "9"]
[EventCountry "GER"]
[SourceTitle "EXT 2009"]
[Source "ChessBase"]
[SourceDate "2008.11.26"]
[SourceVersion "1"]
[SourceVersionDate "2008.11.26"]
[SourceQuality "1"]
[WhiteTeam "Nordwalde II"]
[BlackTeam "Reckenfeld"]
[WhiteTeamCountry "GER"]
[BlackTeamCountry "GER"]

1. Nf3 c6 2. c4 d5 3. e3 g6 4. Nc3 Nf6 5. d4 dxc4 6. Bxc4 Bg7 7. 0-0 0-0 8. Bd2 Nbd7 9. Qe2 Nb6 10. Bb3 Nbd5 11. Rac1 Be6 12. Bc2 Nxc3 13. Bxc3 Nd5 14. Bb1 Rc8 15. Bd2 Qb6 16. b3 c5 17. dxc5 Rxc5 18. Rxc5 Qxc5 19. Rc1 Qd6 20. Qe1 Rc8 21. Ng5 Rxc1 22. Qxc1 Bd7 23. e4 Nb6 24. a3 Qc6 1/2-1/2

[Event "Muensterland Verbandsklasse-B 0607"]
[Site "Germany"]
[Date "2007.03.24"]
[Round "7.8"]
[White "Schmidtke, Heinrich"]
[Black "Jacob, Barbara"]
[Result "0-1"]
[WhiteElo "1550"]
[BlackElo "1650"]
[PlyCount "96"]
[EventDate "2006.09.23"]
[EventType "team"]
[EventRounds "9"]
[EventCountry "GER"]
[SourceTitle "EXT 2008"]
[Source "ChessBase"]
[SourceDate "2007.11.25"]
[SourceVersion "1"]
[SourceVersionDate "2007.11.25"]
[SourceQuality "1"]
[WhiteTeam "Nordwalde"]
[BlackTeam "Ochtrup"]
[WhiteTeamCountry "GER"]
[BlackTeamCountry "GER"]

1. d4 Nf6 2. c4 e5 3. dxe5 Ng4 4. Nf3 Nc6 5. e3 Bb4+ 6. Bd2 Bxd2+ 7. Nbxd2 Ngxe5 8. Be2 d6 9. 0-0 0-0 10. a3 Re8 11. Nxe5 Nxe5 12. Nf3 Qf6 13. b4 Bf5 14. Nxe5 dxe5 15. Qb3 Qg6 16. Rfe1 Rad8 17. Rac1 Rd2 18. Qc3 Be4 19. Bf1 Rd3 20. Qb2 Qg5 21. g3 Rd6 22. Bg2 Bxg2 23. Kxg2 Red8 24. Qe2 Rd2 25. Qf3 c6 26. h4 Qg6 27. Kh2 h5 28. Qg2 R8d6 29. Qf1 Rf6 30. Re2 Qd3 31. Rxd2 Qxd2 32. Kg2 Rxf2+ 33. Qxf2 Qxc1 34. Qf5 Qxc4 35. Qxe5 Qd5+ 36. Qxd5 cxd5 37. Kf3 f6 38. e4 dxe4+ 39. Kxe4 Kf7 40. Kd5 Ke7 41. a4 g5 42. a5 Kd7 43. b5 g4 44. Kc5 f5 45. Kd4 Kd6 46. a6 b6 47. Kd3 Kd5 48. Ke3 Ke5 0-1

[Event "Steinfurt Bezirksklasse 0506"]
[Site "Germany"]
[Date "2005.11.12"]
[Round "3.6"]
[White "Schmidtke, Heinrich"]
[Black "Poggemann, Reinhard"]
[Result "1-0"]
[WhiteElo "1546"]
[BlackElo "1399"]
[PlyCount "87"]
[EventDate "2005.09.10"]
[EventType "team-tourn"]
[EventRounds "7"]
[EventCountry "GER"]
[SourceTitle "EXT 2006"]
[Source "ChessBase"]
[SourceDate "2005.11.24"]
[SourceVersion "1"]
[SourceVersionDate "2005.11.24"]
[SourceQuality "1"]
[WhiteTeam "Nordwalde II"]
[BlackTeam "Emsdetten Rochade IV"]
[WhiteTeamCountry "GER"]
[BlackTeamCountry "GER"]

1. Nf3 Nc6 2. c4 d6 3. e3 Bg4 4. Be2 e5 5. 0-0 Nf6 6. d4 Be7 7. d5 Nb8 8. h3 Bh5 9. Nc3 Qd7 10. e4 h6 11. Nh2 Bxe2 12. Qxe2 Na6 13. f4 Nc5 14. b3 a6 15. Ba3 b6 16. Rf2 g5 17. fxe5 dxe5 18. Raf1 Qd8 19. Rf5 Ncd7 20. Bxe7 Qxe7 21. Ng4 Nxg4 22. hxg4 f6 23. Rd1 Qd6 24. Qf2 Ke7 25. Ne2 h5 26. gxh5 Rxh5 27. Ng3 Rh6 28. Rxg5 Rah8 29. Nf5+ Kf8 30. Nxh6 Rxh6 31. Rg3 Kf7 32. Rh3 Rg6 33. Rh7+ Ke8 34. Kh2 Kd8 35. Rh8+ Nf8 36. Rf1 Ke7 37. Rh1 Rg4 38. Rh4 Rxh4+ 39. Qxh4 Ng6 40. Qh7+ Kd8 41. Qxg6 Kc8 42. Qe8+ Kb7 43. Kg3 Qb4 44. Qc6+ 1-0

[Event "Steinfurt Bezirksliga 0405"]
[Site "Germany"]
[Date "2005.05.21"]
[Round "9.4"]
[White "Schmidtke, Heinrich"]
[Black "Baltes, Manfred"]
[Result "1/2-1/2"]
[WhiteElo "1595"]
[BlackElo "1576"]
[PlyCount "46"]
[EventDate "2004.09.25"]
[EventType "team-tourn"]
[EventRounds "11"]
[EventCountry "GER"]
[SourceTitle "EXT 2006"]
[Source "ChessBase"]
[SourceDate "2005.11.24"]
[SourceVersion "1"]
[SourceVersionDate "2005.11.24"]
[SourceQuality "1"]
[WhiteTeam "Nordwalde II"]
[BlackTeam "Steinfurt II"]
[WhiteTeamCountry "GER"]
[BlackTeamCountry "GER"]

1. Nf3 d5 2. c4 Nf6 3. b3 dxc4 4. bxc4 c5 5. Bb2 Nc6 6. g3 Bg4 7. Bg2 e6 8. 0-0 Be7 9. d3 0-0 10. Nbd2 Rc8 11. Rb1 b6 12. Ng5 h6 13. Nge4 Nxe4 14. Nxe4 f5 15. Nc3 Bf6 16. Re1 Bh5 17. Qa4 Be8 18. Qd1 Bh5 19. Qc1 Nd4 20. Bf1 Qd6 21. Nb5 Nxb5 22. cxb5 Bxb2 23. Rxb2 e5 1/2-1/2

[Event "Steinfurt Bezirksliga 0405"]
[Site "Germany"]
[Date "2004.11.20"]
[Round "3.5"]
[White "Muhmann, Reinhard"]
[Black "Schmidtke, Heinrich"]
[Result "1/2-1/2"]
[WhiteElo "1529"]
[BlackElo "1595"]
[PlyCount "35"]
[EventDate "2004.09.25"]
[EventType "team-tourn"]
[EventRounds "11"]
[EventCountry "GER"]
[SourceTitle "EXT 2006"]
[Source "ChessBase"]
[SourceDate "2005.11.24"]
[SourceVersion "1"]
[SourceVersionDate "2005.11.24"]
[SourceQuality "1"]
[WhiteTeam "Emsdetten Rochade III"]
[BlackTeam "Nordwalde II"]
[WhiteTeamCountry "GER"]
[BlackTeamCountry "GER"]

1. e4 c5 2. Nf3 Nc6 3. d4 cxd4 4. Nxd4 e6 5. Be2 Nf6 6. Nc3 Be7 7. 0-0 0-0 8. Be3 a6 9. Bf3 Qc7 10. Qd2 Ne5 11. Rad1 Bb4 12. a3 Bxc3 13. bxc3 Nxf3+ 14. gxf3 Qa5 15. Kh1 Qh5 16. e5 Nd5 17. Rg1 Nxe3 18. Qxe3 1/2-1/2

[Event "Steinfurt Bezirksliga 0405"]
[Site "Germany"]
[Date "2004.09.25"]
[Round "1.3"]
[White "Brito, Daniel"]
[Black "Schmidtke, Heinrich"]
[Result "1-0"]
[WhiteElo "1792"]
[BlackElo "1595"]
[PlyCount "119"]
[EventDate "2004.09.25"]
[EventType "team-tourn"]
[EventRounds "11"]
[EventCountry "GER"]
[SourceTitle "EXT 2006"]
[Source "ChessBase"]
[SourceDate "2005.11.24"]
[SourceVersion "1"]
[SourceVersionDate "2005.11.24"]
[SourceQuality "1"]
[WhiteTeam "Neuenkirchen II"]
[BlackTeam "Nordwalde II"]
[WhiteTeamCountry "GER"]
[BlackTeamCountry "GER"]

1. e4 c5 2. Nc3 Nc6 3. f4 e6 4. Nf3 Be7 5. Bc4 a6 6. a4 d6 7. 0-0 Bd7 8. d3 Na5 9. Ba2 b5 10. axb5 axb5 11. Qe1 b4 12. Ne2 Nc6 13. Bd2 Rb8 14. f5 exf5 15. exf5 Nf6 16. Bg5 0-0 17. Nh4 Ne8 18. Bxe7 Qxe7 19. Qf2 Qf6 20. Qg3 Nd4 21. Nxd4 Qxd4+ 22. Kh1 Qxb2 23. Bb3 Nf6 24. Qxd6 Qd4 25. Qxd4 cxd4 26. Rf4 Ra8 27. Raf1 Ba4 28. Bxa4 Rxa4 29. Rxd4 Ra2 30. Rc4 Rb8 31. Rb1 Nd5 32. h3 g5 33. fxg6 hxg6 34. Rd4 Nc3 35. Rbxb4 Ra1+ 36. Kh2 Re8 37. Rdc4 Nd5 38. Rb7 Ne3 39. Rcc7 Nf1+ 40. Kg1 Ng3+ 41. Kf2 Nh1+ 42. Kf3 Rf1+ 43. Kg4 Rf6 44. Nf3 Nf2+ 45. Kg3 Nd1 46. Re7 Ra8 47. c4 Ra3 48. d4 Ne3 49. Re8+ Kg7 50. Rbb8 Nf5+ 51. Kf2 Ra2+ 52. Re2 Ra4 53. Ree8 Ra2+ 54. Kg1 Nh6 55. c5 Rfa6 56. d5 Ra1+ 57. Re1 R1a2 58. d6 Ra8 59. Rxa8 Rxa8 60. Nd4 1-0

[Event "Steinfurt Bezirksklasse 0304"]
[Site "Germany"]
[Date "2004.04.24"]
[Round "9.4"]
[White "Schmidt, Frank"]
[Black "Schmidtke, Heinrich"]
[Result "1/2-1/2"]
[WhiteElo "1548"]
[BlackElo "1597"]
[PlyCount "76"]
[EventDate "2003.09.27"]
[EventType "team-tourn"]
[EventRounds "11"]
[EventCountry "GER"]
[SourceTitle "EXT 2005"]
[Source "ChessBase"]
[SourceDate "2004.11.15"]
[SourceVersion "1"]
[SourceVersionDate "2004.11.15"]
[SourceQuality "1"]
[WhiteTeam "Emsdetten Rochade IV"]
[BlackTeam "Nordwalde II"]
[WhiteTeamCountry "GER"]
[BlackTeamCountry "GER"]

1. d4 Nf6 2. c4 g6 3. Nc3 d5 4. Nf3 Bg7 5. Bg5 c6 6. e3 0-0 7. Be2 Nbd7 8. 0-0 Nb6 9. cxd5 Nbxd5 10. Nxd5 Qxd5 11. Ne5 Qd8 12. Bc4 e6 13. Bb3 h6 14. Bh4 g5 15. Bg3 Nd5 16. Nc4 Ne7 17. Nd6 Nf5 18. Nxf5 exf5 19. Qh5 Be6 20. Bxe6 fxe6 21. f4 g4 22. Bh4 Qe8 23. Qxe8 Rfxe8 24. Rfc1 Rac8 25. Rab1 Bf8 26. Bf6 Kf7 27. Be5 Red8 28. Rc2 Rd5 29. Rbc1 Ke7 30. Kf2 Kd7 31. h3 h5 32. hxg4 hxg4 33. Rh1 Re8 34. Bf6 Bb4 35. Rh7+ Kc8 36. a3 Ba5 37. Be5 Rd7 38. Rh6 Bc7 1/2-1/2

[Event "Steinfurt Bezirksklasse 0304"]
[Site "Germany"]
[Date "2004.03.20"]
[Round "8.3"]
[White "Menz, Robert"]
[Black "Schmidtke, Heinrich"]
[Result "1/2-1/2"]
[WhiteElo "1572"]
[BlackElo "1597"]
[PlyCount "29"]
[EventDate "2003.09.27"]
[EventType "team-tourn"]
[EventRounds "11"]
[EventCountry "GER"]
[SourceTitle "EXT 2005"]
[Source "ChessBase"]
[SourceDate "2004.11.15"]
[SourceVersion "1"]
[SourceVersionDate "2004.11.15"]
[SourceQuality "1"]
[WhiteTeam "Saerbeck Falke III"]
[BlackTeam "Nordwalde II"]
[WhiteTeamCountry "GER"]
[BlackTeamCountry "GER"]

1. d4 Nf6 2. c4 g6 3. Nc3 d5 4. cxd5 Nxd5 5. e4 Nxc3 6. bxc3 Bg7 7. Bc4 0-0 8. Ne2 c5 9. 0-0 Nc6 10. Be3 Na5 11. Qd3 Qc7 12. d5 a6 13. a4 Bd7 14. f4 Rac8 15. Rfb1 1/2-1/2

[Event "Steinfurt Bezirksklasse 0304"]
[Site "Germany"]
[Date "2004.02.28"]
[Round "7.4"]
[White "Freitag, Michael"]
[Black "Schmidtke, Heinrich"]
[Result "1-0"]
[WhiteElo "1184"]
[BlackElo "1597"]
[PlyCount "63"]
[EventDate "2003.09.27"]
[EventType "team-tourn"]
[EventRounds "11"]
[EventCountry "GER"]
[SourceTitle "EXT 2005"]
[Source "ChessBase"]
[SourceDate "2004.11.15"]
[SourceVersion "1"]
[SourceVersionDate "2004.11.15"]
[SourceQuality "1"]
[WhiteTeam "Steinfurt III"]
[BlackTeam "Nordwalde II"]
[WhiteTeamCountry "GER"]
[BlackTeamCountry "GER"]

1. d4 Nf6 2. c4 g6 3. Nc3 d5 4. Nf3 Bg7 5. Bf4 a6 6. Qa4+ Bd7 7. Qb3 Bc6 8. c5 Nbd7 9. Rc1 0-0 10. e3 Nh5 11. Bg5 h6 12. Bh4 g5 13. Bg3 e6 14. Qd1 Nhf6 15. h4 g4 16. Ne5 h5 17. Nxc6 bxc6 18. Qa4 Qb8 19. Rb1 Qb7 20. Bd3 e5 21. 0-0 a5 22. Bf5 exd4 23. exd4 Rfd8 24. Bf4 Nf8 25. Be5 N6d7 26. Bxg7 Kxg7 27. Qc2 Nf6 28. Qd2 Qb4 29. Qg5+ Ng6 30. Ne2 Re8 31. Bxg6 Nh7 32. Bxh7+ 1-0